Paradisi in sole paradisvs terrestris : Or, A choise garden of all sorts of rarest flowers, with their nature, place of birth, time of flowring, names, and vertues to each plant, useful in physici, or admired for beauty. To which is annext a kitchin-garden furnished with all manner of herbs, roots, and fruits, for meat or sawce used with us. With the art of planting and orchard of all sorts of fruit-bearing trees and shrubs, shewing the nature of grafting, inoculating, and pruning of them. Together with the right ordering, planting and preserving of them, with their select vertues: all unmention in former hervals /

Bibliographic Details
Main Author: Parkinson, John, 1567-1650
Format: Book
Language:English
Latin
Edition:The 2d impression much corrected and enlarged.
Subjects:

MARC

Tag First Indicator Second Indicator Subfields
LEADER 00000cam a2200000 a 4500
001 in00000032408
005 20151007060521.0
008 781117s1656 enka 00110 eng d
035 |a (OCoLC)04382652 
035 |9 AAC1031AM 
040 |a UUM  |c UUM  |d m/c  |d TXA  |d UtOrBLW 
041 1 |a eng  |a lat 
049 |a TXAS  |c [A09879372] 
050 4 |a SB97  |b .P24 1656 
100 1 |a Parkinson, John,  |d 1567-1650. 
245 1 0 |a Paradisi in sole paradisvs terrestris :  |b Or, A choise garden of all sorts of rarest flowers, with their nature, place of birth, time of flowring, names, and vertues to each plant, useful in physici, or admired for beauty. To which is annext a kitchin-garden furnished with all manner of herbs, roots, and fruits, for meat or sawce used with us. With the art of planting and orchard of all sorts of fruit-bearing trees and shrubs, shewing the nature of grafting, inoculating, and pruning of them. Together with the right ordering, planting and preserving of them, with their select vertues: all unmention in former hervals /  |c collected by John Parkinson. 
250 |a The 2d impression much corrected and enlarged. 
264 3 |a London :  |b Printed by R.N. and are to be sold by R. Thrale,  |c 1656. 
300 |a 6 unnumbered pages, 612 pages, 16 unnumbered pages :  |b illustrations ; 35 cm. 
336 |a text  |b txt  |2 rdacontent 
337 |a unmediated  |b n  |2 rdamedia 
338 |a volume  |b nc  |2 rdacarrier 
500 |a Added t.-p. engraved. 
500 |a Includes index. 
650 0 |a Gardening  |v Early works to 1800. 
999 |a MARS 
999 f f |s e1f014fe-42b7-3c1a-9858-8150cc0bb226  |i 02cdd13b-68dd-3ed5-ba05-a4c705572d21  |t 0 
952 f f |p noncirc  |a Texas A&M University  |b College Station  |c Cushing Memorial Library & Archives  |d Cushing: Rare Books (Does not check out)  |t 0  |e SB97 .P24 1656  |f Oversize  |h Library of Congress classification  |i unmediated -- volume  |m A14809879372 
998 f f |a SB97 .P24 1656  |t 0  |l Cushing: Rare Books (Does not check out)